Реалистическая философия (Запись № 272758)

Подробности
000 -МАРКЕР
контрольное поле 02122nam0a2200361 4500
001 - ИДЕНТИФИКАТОР ЗАПИСИ
контрольное поле RU\NLR\bibl\52219
005 - ИДЕНТИФИКАТОР ВЕРСИИ
контрольное поле 20260407093738.0
010 ## - МЕЖДУНАРОДНЫЙ СТАНДАРТНЫЙ НОМЕР КНИГИ (ISBN)
Номер (ISBN) 5-7245-1151-7
Тираж 3000
021 ## - НОМЕР ГОСУДАРСТВЕННОЙ РЕГИСТРАЦИИ
Код страны Российская Федерация
Номер 99-28183
Номер Листа государственной регистраци 1372
035 ## - ДРУГИЕ СИСТЕМНЫЕ НОМЕРА
Идентификатор записи (NLR Aleph) 000050933
100 ## - ДАННЫЕ ОБЩЕЙ ОБРАБОТКИ
Данные общей обработки 19991011d1999 |||y0rusy50 ca
101 0# - ЯЗЫК РЕСУРСА
Язык текста, звукозаписи и т.д. русский
102 ## - СТРАНА ПУБЛИКАЦИИ ИЛИ ПРОИЗВОДСТВА
Страна публикации Российская Федерация
105 ## - ПОЛЕ КОДИРОВАННЫХ ДАННЫХ: ТЕКСТОВЫЕ МАТЕРИАЛЫ, МОНОГРАФИЧЕСКИЕ
Кодированные данные о монографическом текстовом документе a |||||||||
200 1# - ЗАГЛАВИЕ И СВЕДЕНИЯ ОБ ОТВЕТСТВЕННОСТИ
Основное заглавие Реалистическая философия
Сведения, относящиеся к заглавию Учеб. по курсу "Философия" для студентов вузов
Первые сведения об ответственности [Д.ф.н. Обухов В.Л., д.ю.н., засл. деят. науки РФ Сальников В.П., к.ф.н. Алябьева З.С. и др.]
Последующие сведения об ответственности Под общ. и науч. ред. проф. В.Л. Обухова и проф. В.П. Сальникова
-- С.-Петерб. гос. аграр. ун-т, С.-Петерб. ун-т МВД России
205 ## - СВЕДЕНИЯ ОБ ИЗДАНИИ
Сведения об издании [2-е, перераб. и доп. изд.]
210 ## - ПУБЛИКАЦИЯ, РАСПРОСТРАНЕНИЕ И ДР.
Место издания, распространения и т.д. СПб.
Имя издателя, распространителя и т. д. Химиздат
Дата издания, распространения и т.д. 1999
320 ## - ПРИМЕЧАНИЯ О НАЛИЧИИ В ДОКУМЕНТЕ БИБЛИОГРАФИИ / УКАЗАТЕЛЯ
Текст примечания Библиогр. в конце разделов
606 0# - НАИМЕНОВАНИЕ ТЕМЫ КАК ПРЕДМЕТ
Наименование темы Философия
Формальный подзаголовок Руководства, пособия и т.п. для высшей школы
Системный номер авторитетной/нормативной записи 900139
Идентификатор авторитетной/нормативной записи RU\NLR\auth\666996
606 0# - НАИМЕНОВАНИЕ ТЕМЫ КАК ПРЕДМЕТ
Наименование темы Философия
Формальный подзаголовок Учебные издания для высшей школы
Системный номер авторитетной/нормативной записи 900139
Идентификатор авторитетной/нормативной записи RU\NLR\auth\666996
686 ## - ИНДЕКСЫ ДРУГИХ КЛАССИФИКАЦИЙ
Индекс Ю0я73-1
701 #1 - ИМЯ ЛИЦА - АЛЬТЕРНАТИВНАЯ ОТВЕТСТВЕННОСТЬ
Код отношения Автор
Материалы, к которым относится поле rus
Графика поля Кириллица
Начальный элемент ввода Обухов
Часть имени, кроме начального элемента ввода В.Л.
Дополнения к именам, кроме дат д-р филос. наук
Даты 1938-
Расширение инициалов личного имени Валерий Леонидович
Идентификатор авторитетной/нормативной записи RU\NLR\auth\7721259
Системный номер авторитетной/нормативной записи 4322
701 #1 - ИМЯ ЛИЦА - АЛЬТЕРНАТИВНАЯ ОТВЕТСТВЕННОСТЬ
Код отношения Автор
Графика поля Кириллица
Материалы, к которым относится поле rus
Начальный элемент ввода Сальников
Часть имени, кроме начального элемента ввода В. П.
Дополнения к именам, кроме дат д-р юрид. наук, генерал-лейтенант.
Даты 1946-
Расширение инициалов личного имени Виктор Петрович
Системный номер авторитетной/нормативной записи 143563
Идентификатор авторитетной/нормативной записи RU\NLR\AUTH\770143599
701 #1 - ИМЯ ЛИЦА - АЛЬТЕРНАТИВНАЯ ОТВЕТСТВЕННОСТЬ
Начальный элемент ввода Алябьева
Часть имени, кроме начального элемента ввода З. С.
Расширение инициалов личного имени Зоя Сергеевна
Код отношения Автор
712 02 - НАИМЕНОВАНИЕ ОРГАНИЗАЦИИ - ВТОРИЧНАЯ ОТВЕТСТВЕННОСТЬ
Код отношения Прочие
Начальный элемент ввода Санкт-Петербургский государственный аграрный университет
Идентификатор авторитетной/нормативной записи RU\NLR\AUTH\889917220
Системный номер авторитетной/нормативной записи 330610
801 #0 - ИСТОЧНИК ЗАПИСИ
Страна Российская Федерация
Организация NLR
Дата составления 19991011
Правила каталогизации PSBO
801 #1 - ИСТОЧНИК ЗАПИСИ
Страна Российская Федерация
Организация NLR
Дата составления 19991011
830 ## - ОБЩЕЕ ПРИМЕЧАНИЕ, СОСТАВЛЕННОЕ КАТАЛОГИЗАТОРОМ
Текст примечания Авт. по кн.
852 ## - МЕСТОНАХОЖДЕНИЕ И ШИФР ХРАНЕНИЯ
Идентификатор организации NLR
Шифр хранения (Call Number) 99-5/3084
942 ## - ДОПОЛНИТЕЛЬНЫЕ ЭЛЕМЕНТЫ ЗАПИСИ (АБИС)
Тип экземпляра АБИС Книга
980 ## - КОЛЛЕКЦИЯ
Название коллекции Национальная библиография
Экземпляры
Тип экземпляра Дата поступления Источник поступления Библиотека постоянного хранения Библиотека текущего хранения Место хранения Штрих-код Статус экземпляра Стоимость Шифр хранения
Книга 25.08.2004 Подсобные фонды РНБ РНБ (Московский) РНБ (Московский) Обменный фонд 739636      
Книга 25.08.2004 Подсобные фонды РНБ РНБ (Московский) РНБ (Московский) Фонд общего зала социально-экономической литературы 1-223250   56.00 С1 Ю0я7/Р-311
Книга 25.04.2005 Подсобные фонды РНБ РНБ (Садовая) РНБ (Садовая) Фонд научного зала социально-экономической литературы 1-194751   56.00 С2 Ю0я7/Р-311
Книга 01.04.2005 Покупка РНБ (Фонтанка) РНБ (Фонтанка) Юношеский читальный зал 1-546707     Ю Ю1/Р-31